=LDR 00000nam 2200000 4500 =001 $a INLIS000000000008542 =005 $a 20260629131732 =008 $a 260629################g##########0#ind## =022 ##$$a 979-8368-61-0 =035 ##$$a 0010-0626000169 =082 ##$$a 618.17 =084 ##$$a 618.17 DYA i =100 #$$a Dyah Rahmani P. =245 ##$$a Infertilitas Dalam Perspektif Jender $b - $c Dyah Rahmani P. =246 ##$$a =260 ##$$a Yogyakarta $b Pusat Penelitian Kependudukan Universitas Gadjah Mada $c 1999 =300 ##$$a xii+100 hlm. $b $c 22 cm. $d =336 ##$$a =337 ##$$a =338 ##$$a =520 #$$a =650 #$$a Infertilitas =700 #$$a Ana Nadhya Abrar =740 ##$$a =856 ##$$a =Wor $a 1